| 000 | 00328nam a2200121Ia 4500 | ||
|---|---|---|---|
| 008 | 230907s9999||||xx |||||||||||||| ||und|| | ||
| 082 |
_a681.2 _bKAL |
||
| 100 |
_aKalantar-zadeh, Kourosh. _9115581 |
||
| 245 | 0 | _aNanotechnology-enabled sensors / | |
| 260 |
_aSpringer, _bNew York : _c2008 |
||
| 300 | _axii, 490 p. : | ||
| 942 | _cBK | ||
| 999 |
_c598858 _d598858 |
||